Sociology (Record no. 16923)
[ view plain ]
| 000 -LEADER | |
|---|---|
| fixed length control field | 00273nam a22001097a 4500 |
| 008 - FIXED-LENGTH DATA ELEMENTS--GENERAL INFORMATION | |
| fixed length control field | 140207t xxu||||| |||| 00| 0 eng d |
| 100 ## - MAIN ENTRY--PERSONAL NAME | |
| Personal name | Anthony Giddens |
| 9 (RLIN) | 664 |
| 245 ## - TITLE STATEMENT | |
| Title | Sociology |
| 250 ## - EDITION STATEMENT | |
| Edition statement | 5th Ed. |
| Remainder of edition statement | fully revised and updated |
| 300 ## - PHYSICAL DESCRIPTION | |
| Extent | xiv, 1093 p. : |
| 942 ## - ADDED ENTRY ELEMENTS (KOHA) | |
| Source of classification or shelving scheme | |
| Koha item type | Book |
| Withdrawn status | Lost status | Source of classification or shelving scheme | Damaged status | Not for loan | Collection code | Permanent Location | Current Location | Date acquired | Total Checkouts | Full call number | Barcode | Date last seen | Price effective from | Koha item type |
|---|---|---|---|---|---|---|---|---|---|---|---|---|---|---|
| Atta-ur-Rahman School of Applied Biosciences (ASAB) | Atta-ur-Rahman School of Applied Biosciences (ASAB) | 02/07/2014 | 301.1 GID | ASAB135 | 01/18/2016 | 02/07/2014 | Book | |||||||
| Atta-ur-Rahman School of Applied Biosciences (ASAB) | Atta-ur-Rahman School of Applied Biosciences (ASAB) | 02/07/2014 | 301.1 GID | ASAB134 | 02/07/2014 | 02/07/2014 | Book |
